|
|
|
|
| LEADER |
00000nam0a2200000 4500 |
| 001 |
76631 |
| 005 |
20231031091833.0 |
| 035 |
|
|
|a (RuTPU)RU\TPU\book\82137
|
| 090 |
|
|
|a 76631
|
| 100 |
|
|
|a 20050426d1980 k y0rusy50 ca
|
| 101 |
0 |
|
|a rus
|
| 102 |
|
|
|a RU
|
| 105 |
|
|
|a a z 001zy
|
| 200 |
1 |
|
|a Надежность арматуры энергетических блоков
|f М. И. Имбрицкий
|
| 210 |
|
|
|a Москва
|c Энергия
|d 1980
|
| 215 |
|
|
|a 96 с.
|c ил.
|
| 225 |
1 |
|
|a Библиотека тепломонтажника
|
| 320 |
|
|
|a Библиогр.: с. 94-95.
|
| 610 |
1 |
|
|a энергетическая арматура
|
| 610 |
1 |
|
|a надежность
|
| 610 |
1 |
|
|a показатели
|
| 610 |
1 |
|
|a узлы
|
| 610 |
1 |
|
|a модернизация
|
| 610 |
1 |
|
|a качество
|
| 675 |
|
|
|a 621.311.22.002.5
|v 3
|
| 700 |
|
1 |
|a Имбрицкий
|b М. И.
|g Матвей Иосифович
|
| 801 |
|
1 |
|a RU
|b 63413507
|c 20050426
|g PSBO
|
| 801 |
|
2 |
|a RU
|b 63413507
|c 20100719
|g PSBO
|
| 900 |
|
|
|a Надежность, диагностика элементов энергетического оборудования
|
| 942 |
|
|
|c BK
|